Cities on Islands - Sudden Death - Statistics

General Stats
  • This quiz has been taken 55,254 times
  • The average score is 11 of 20
Answers on the Grid
Answers color-coded by a green-red scale on the quiz's grid according to % correct below.
Athens
Bogotá
Cape Town
Chicago
Colombo
Copenhagen
Dublin
Gibraltar
Heraklion
Hong Kong
Honolulu
Istanbul
Key West
Lagos
Lima
London
Manila
Montreal
Moscow
Mumbai
New York City
Nuuk
Port of Spain
San Francisco
Santo Domingo
Seoul
Singapore
Stockholm
Tokyo
Venice
 
Answer Stats
Answer % Correct
Honolulu
77%
Dublin
72%
Singapore
72%
Hong Kong
69%
Manila
68%
Copenhagen
66%
Tokyo
66%
London
63%
New York City
60%
Port of Spain
60%
Santo Domingo
59%
Venice
57%
Key West
56%
Nuuk
56%
Colombo
55%
Heraklion
50%
Stockholm
32%
Montreal
30%
Lagos
19%
Mumbai
19%
No matching quizzes found
Score Distribution
Percent of People with Each Score
Percentile by Number Answered
Your Score History
You have not taken this quiz